000
00254nam a2200085Ia 4500
245
0
_a
Open range : a western story
100
_a
GREY, Zane Bath, 2003 Large print [unabridged] ed
_9
77441
942
_c
BK
008
210817s9999 xx 000 0 und d
999
_c
264561
_d
264560